| 000 | 00451nam a22001817a 4500 | ||
|---|---|---|---|
| 003 | MPLRDC | ||
| 005 | 20220104123320.0 | ||
| 008 | 210129b ||||| |||| 00| 0 eng d | ||
| 020 | _a962-17-0070-1 | ||
| 082 | _a857.623 YG-2 v.1 c.3 | ||
| 100 | _a余过 | ||
| 245 |
_a奇运 _c |
||
| 260 |
_a _b博益出版集团有限公司 _c1986 |
||
| 300 | _b平 | ||
| 490 | _a博益神秘系列 | ||
| 650 | _a灵异小说 | ||
| 942 |
_cBK _o857.623 YG-2 v.1 c.3 |
||
| 999 |
_c10347 _d10337 |
||